| 000 | 00386 a2200169 4500 | ||
|---|---|---|---|
| 001 | 44444 | ||
| 020 | _a8526248928 | ||
| 040 | _cAnchieta - Aquarius | ||
| 100 | _aCompany, Mercè | ||
| 240 | 1 | 0 |
_a#As trigêmeas e Cinderela _lpor |
| 245 | 1 | 0 | _a#As trigêmeas e Cinderela |
| 300 | _a31 | ||
| 362 | 0 | _a2003 | |
| 440 | 1 | _aScipione | |
| 650 | 4 | _aLiteratura infanto-juvenil | |
| 942 | _cBK | ||
| 999 |
_c44444 _d44444 |
||